Thyroid book: (Record no. 145390)

MARC details
000 -LEADER
fixed length control field 00990nam a22002297a 4500
005 - DATE AND TIME OF LATEST TRANSACTION
control field 20180209153118.0
010 ## - LCCN (DPL NO)
LC control number 1718EN-30ENG-122234
020 ## - INTERNATIONAL STANDARD BOOK NUMBER
International Standard Book Number 9789385724411
Terms of availability 200.00
035 ## - SYSTEM CONTROL NUMBER
System control number B-683003-3006
035 ## - SYSTEM CONTROL NUMBER
System control number EN-105766
037 ## - SOURCE OF ACQUISITION
Source of stock number/acquisition Aakar
Stock number dpl
037 ## - SOURCE OF ACQUISITION
Source of stock number/acquisition DBAD/PUB
082 ## - DEWEY DECIMAL CLASSIFICATION NUMBER
Classification number 616.4406
100 ## - MAIN ENTRY--PERSONAL NAME
Personal name Dewekar, Rujuta
245 ## - TITLE STATEMENT
Title Thyroid book:
Statement of responsibility, etc by Rujuta Diwekar
Remainder of title the PCOD /
260 ## - PUBLICATION, DISTRIBUTION, ETC. (IMPRINT)
Place of publication, distribution, etc New Delhi
Name of publisher, distributor, etc Westlnd
Date of publication, distribution, etc 2016
270 ## - ADDRESS
Address 93, I Floor, Sham Lal Road, Daryaganj,
City New Delhi
Postal code 110002
300 v# - PHYSICAL DESCRIPTION
Extent xiv,187p.
Dimensions 19cm(pbk)
500 ## - GENERAL NOTE
General note "Compiled from women & the weight loss Tamasha. Four strategies to counter pcod & Hypothyroid: nutrition, exercise, sleep & relationships. Including faqs with detailed answers"--Cover.
942 ## - ADDED ENTRY ELEMENTS (KOHA)
Source of classification or shelving scheme Dewey Decimal Classification
Item type English Books
Call number suffix DIW
Classification part 616.4406
Holdings
Withdrawn status Lost status Not for loan Collection code Home library Current library Date acquired Source of acquisition Cost, normal purchase price Full call number Barcode Copy number Cost, replacement price Koha item type
      Non-fiction Ashok Vihar Ashok Vihar 08/01/2018 Aakar/I-2013/30.11.2017/BPPD/EN/2017-18/631/20.11.17/14.12.2017 200.00 616.4406 DIW B-683004 1 200.00 English Books
    Not For Loan Non-fiction D.B.Act.Division Bawana 09/02/2018 DBAD/PUB 200.00 616.4406 DIW EN-105766 1 200.00 English Books
      Non-fiction Central Library Central Library 08/01/2018 Aakar/I-2013/30.11.2017/BPPD/EN/2017-18/631/20.11.17/14.12.2017 200.00 616.4406 DIW B-683003 1 200.00 English Books
      Non-fiction Patel Nagar Patel Nagar 08/01/2018 Aakar/I-2013/30.11.2017/BPPD/EN/2017-18/631/20.11.17/14.12.2017 200.00 616.4406 DIW B-683005 1 200.00 English Books
      Non-fiction Sarojini Nagar Sarojini Nagar 08/01/2018 Aakar/I-2013/30.11.2017/BPPD/EN/2017-18/631/20.11.17/14.12.2017 200.00 616.4406 DIW B-683006 1 200.00 English Books

© Delhi Public Library
Hit Counter
free hit counter